Shorter Oxford Textbook of Psychiatry / (Record no. 595539)

000 -LEADER
fixed length control field 00411nam a22001457a 4500
040 ## - CATALOGING SOURCE
Transcribing agency DLC
082 ## - DEWEY DECIMAL CLASSIFICATION NUMBER
Classification number 616.89
Author Mark HAR
100 ## - MAIN ENTRY--PERSONAL NAME
Personal name Harrison, Paul
9 (RLIN) 114144
245 ## - TITLE STATEMENT
Title Shorter Oxford Textbook of Psychiatry /
Statement of responsibility, etc. Paul Harrison and et all
250 ## - EDITION STATEMENT
Edition statement 7th Edition.
260 ## - PUBLICATION, DISTRIBUTION, ETC.
Place of publication, distribution, etc. Oxford :
Name of publisher, distributor, etc. Oxford University Press,
Date of publication, distribution, etc. 2018.
300 ## - PHYSICAL DESCRIPTION
Extent 884 p. ;
Other physical details ill,
Dimensions 25 cm.
650 ## - SUBJECT ADDED ENTRY--TOPICAL TERM
Topical term or geographic name entry element Psychiatry
9 (RLIN) 114145
942 ## - ADDED ENTRY ELEMENTS (KOHA)
Source of classification or shelving scheme
Koha item type Book
Holdings
Withdrawn status Lost status Source of classification or shelving scheme Damaged status Not for loan Permanent Location Current Location Shelving location Date acquired Source of acquisition Cost, normal purchase price Full call number Barcode Date last seen Copy number Uniform Resource Identifier Price effective from Koha item type
          NUST School of Health Sciences (NSHS) NUST School of Health Sciences (NSHS) General Stacks 08/16/2023 Prince Books 6950.00 616.89 HAR NSHS-1754 08/16/2023 c.1 13900.00 08/16/2023 Book
© 2023 Central Library, National University of Sciences and Technology. All Rights Reserved.